000 01383cam a22002891i 4500
003 SA-RiAUC
005 20260316140249.0
008 260122q19001999xx a g 000 0dara c
040 _aEG-CaDAJ
_bara
_cSA-RiAUC
_erda
043 _aa-su---
082 0 4 _a915.31204
_qSA-RiAUC
090 _aم ن 915.31204
_bم ا ز
100 1 _aالمازني، إبراهيم محمد عبد القادر،
_d1889-1949
_eمؤلف.
245 1 0 _aرحلة الحجاز /
_cإبراهيم عبد القادر المازني.
264 1 _a[مكان النشر غير محدد] :
_b[الناشر غير محدد]،
_c[بين 1900 و1999]
264 3 _a[مكان الطبع غير محدد] :
_bمطبعة فؤاد
300 _a166 صفحة :
_bإيضاحيات ؛
_c29 سم
336 _aنص
_btxt
_2rdacontent
_3كتاب
337 _aبدون وسيط
_bn
_2rdamedia
338 _aمجلد
_bnc
_2rdacarrier
500 _aصورة طبق الأصل لـ طبعة 1. -القاهرة : مطبعة فؤاد، 1349 هـ. / 1930 م.
600 1 7 _aالمازني، إبراهيم محمد عبد القادر،
_d1889-1949
_xرحلات
_zالسعودية
_zالحجاز
_2aucnm
651 7 _aالحجاز (السعودية)
_xوصف ورحلات
_2aucsh
651 7 _aالحجاز (السعودية)
_xجغرافيا
_2aucsh
942 _2ddc
_cRBOOK COPY
_n0
949 _aSA-JeALM
_d260122
_umohamedma123
_n1
999 _c14645
_d14645